1993 1667 1516 1664 1922 1033 1703 1138 1059 1404 1322 1277 1590 1975 1196 1772 1701 1587 1932 1409 1524 1004 1529 1902 1362 1003 1399 1055 1885 1091 1404 1271 1301 1322 1110 1085 1173 1860 1232 1290 1066 1279 1575 1456 1365 1542 1409 1875 1671 1943 1929 1414 1117 1805 1035 1945 1389 1569 1558 1424 1571 1693 1778 1690 1765 1229 1661 1796 1918 1127 1695 1054 1295 1048 1647 1777 1438 1198 1037 1665 1520 1496 1537 1959 1893 1407 1158 1672 1085 1307 1192 1951 1554 1847 1036 1394 1405 1738 1182 BCNSPRNW ULIB Ver.6.0+V

เปลี่ยนเป็นภาษาไทย

Change to English
 แสดงรายละเอียดบรรณานุกรม
  กลับหน้าหลัก

Brief Record : Get Marc (ISO 2709) : E-mail record : QR code < ปิดหน้าต่าง
LEADER : 00000nam 2200000uu 4500
001    13399113251
003     ULIB
008    111004s2546||||th 000 0 tha d
020    9744840412
050  4 QL729.T35 ^bจ231ส 2546
100 0  พาร์, จอห์น
245 10 สัตว์เลี้ยงลูกด้วยนมในประเทศไทย /^cจอห์น พาร์ ; ธีรภัทรประยูรสิทธิ ผู้แปล
246 31 คู่มือธรรมชาติสัตว์เลี้ยงลูกด้วยนมในประเทศไทย
250    พิมพ์ครั้งที่ 1
260    กรุงเทพฯ :^bสารคดี,^c2546
300    216 หน้า :^bภาพประกอบสี ;^c21 ซม.
500    ชุดภาพชนิดของสัตว์ (ภาพสี) หน้า 34-111
500    ภาคผนวก รอยตีนสัตว์ หน้า 193-205
504    บรรณานุกรมและดัชนี (ดัชนีชื่อภาษาไทย ดัชนีชื่อสามัญดัชนีชื่อวิทยาศาสตร์ หน้า 206-214)
650  4 สัตว์เลี้ยงลูกด้วยนม^zไทย
650  4 สัตว์ป่า^zไทย
650  4  อนุสัญญาไซเตส
700 0  ธีรภัทร ประยูรสิทธิ,^eผู้แปล
945    ^p285^l0^i015953
995    ทศพร
999 ^a ทศพร
รายการนี้ยังไม่มีแท็ก
คุณยังไม่ได้ล็อกอิน คุณสามารถมีกิจกรรมร่วมกับเว็บไซต์ได้ แต่ต้องล็อกอินก่อน ::
  ล็อกอิน

รายการสื่อสารสนเทศ

ลำดับที่ ประเภท เลขเรียก/บาร์โค้ด สถานที่ สถานะ
- ไม่พบข้อมูล -

BibComment


ยังไม่เคยถูกคอมเมนท์

คอมเมนท์ทรัพยากรรายการนี้
  คอมเมนท์: สัตว์เลี้ยงลูกด้ว..


 Copyright 2026. Bcnsprnw @Library